แสดงรายละเอียดบรรณานุกรม
  กลับหน้าหลัก

Brief Record : Get Marc (ISO 2709) : E-mail record : QR code ปิดหน้าต่าง
E-books : เกี่ยวกับ Collections
LEADER 00000nama 2200000uu 4500
001    201379
003     ULIBM
008    040531s|||| th m m a000 0 tha d
020    978-616-11-0011-7
041    tha
050    WM274 ม453 2553
100    มานิต ศรีสุรภานนท์.
245    การทบทวนองค์ความรู้ เรื่อง การบำบัดแบบสั้นในผู้มีปัญหาการดื่มสุรา = A literature Review Drug Treatment for people with Alcoholism/มานิต ศรีสุรภานนท์.
250    พิมพ์ครั้งที่ 3.
260    เชียงใหม่. วนิดาการพิมพ์. 2553.
300    28 หน้า.
500    หนังสือบริจาค.
600    I.แผนงานการพัฒนาระบบ รูปแบบ และวิธีการบำบัดรักษา ผู้มีปัญหาการบริโภคสุราแบบบูรณาการ II.โรงพยาบาลสวนปรุง.
650    1.Drug Treatment for people with Alcoholism 2.พิษสุราเรื้อรัง--การรักษาด้วยยา 3.คนติดสุรา--การรักษาด้วยยา.
995    001
999    ^aใช้งานได้ทุกระบบ
รายการนี้ยังไม่มีแท็ก
คุณยังไม่ได้ล็อกอิน คุณสามารถมีกิจกรรมร่วมกับเว็บไซต์ได้ แต่ต้องล็อกอินก่อน ::
  ล็อกอิน
ลำดับที่ ประเภท เลขเรียก สถานที่ สถานะ
1. หนังสือทั่วไป
หนังสือทั่วไป
สถานะ=หนังสือเก่า - บริการ ณ ห้องสมุด (ห้องเหลือง)
WM274 ม453 2553  
  
ห้องสมุด หอพักนักศึกษา (ห้องเหลือง) On Shelf
  ขอยืม
   [แสดง 1/1 รายการ]

BibComment


ยังไม่เคยถูกคอมเมนท์

คอมเมนท์ทรัพยากรรายการนี้
  คอมเมนท์: การทบทวนองค์ความร..
Bib 201379

 
 
 

 Union Library Management : ULibM
Copyright 2026. All Rights Reserved.
скачать бесплатно без регистрации порно красивый секс HD Sex Hindi sex

xxx gou

xxxx

bfxxx

xxxwww

Секса Видео

xxxx

Секса Видео

detube

geilexxx

C99 Shell

worms shell

blod xxx video
Ebony Coed Rihanna Rimes Takes A Dick In Her Young Twat priyaa indian fuck anal and pusssy hardcore indian women xxx desi hardcore fucking part 1 bengalixxxcouple